Statistics workbook

Saved in:
Bibliographic Details
Main Author: Jones, Ron
Format: Book
Language:English
Published: London : Pitman, 1994
Subjects:
Tags: Add Tag
No Tags, Be the first to tag this record!

MARC

LEADER 00000nam a2200000 i 4500
001 1/24467
008 960717s1994 eng d
020 |a 0-273-60570-4 
035 |l 10022296 
040 |a GR-MY-UA  |b gre  |e aacr 
041 0 |a eng 
082 0 |a 519.5 
100 1 |a Jones, Ron. 
245 1 0 |a Statistics workbook /  |c Ron Jones 
260 |a London :   |b Pitman,   |c 1994 
300 |a 122 p. 
650 0 0 |a Statistics. 
852 |a INST  |b CHIOS  |e 19960717  |h 519.5 JON  |p 005200001764  |q 005200001764  |t BK  |y 0 
909 |a Χ  |b 040221